LEADER 01609nam0-2200493---450- 001 990000830970203316 005 20100531123817.0 010 $a88-400-0378-9$battr. erroneamente 010 $a88-400-0377-0 035 $a0083097 035 $aUSA010083097 035 $a(ALEPH)000083097USA01 035 $a0083097 100 $a20020102d1995----y0itay01 ba 101 $aita 102 $aIT 105 $aa 00||| 200 1 $a<> Lombardia tra Europa e Mediterraneo$fa cura di Giacomo Corna-Pellegrini, Giuseppe A. Staluppi$gscritti di Carlo Brusa ... [et al.] 210 $aMilano$cUNICOPLI$d1995 215 $a232 p.$cill.$d24 cm 225 2 $aStudi e ricerche sul territorio$v46 300 $aIn appendice: La Lombardia nel 3000, di G. Corna-Pellegrini 410 0$12001$aStudi e ricerche sul territorio$v46 607 $aLombardia 676 $a914.52 702 1$aCORNA PELLEGRINI,$bGiacomo 702 1$aSTALUPPI,$bGiuseppe 702 1$aBRUSA,$bCarlo 801 0$aIT$bsalbc$gISBD 912 $a990000830970203316 951 $aIII.1. 2024 (I L COLL. 56/46)$b140848 LM$cI L COLL. 951 $aIII I COR 1$b8700 DBC$cIII I 959 $aBK 969 $aUMA 969 $aDBC 979 $aPATTY$b90$c20020102$lUSA01$h1458 979 $c20020403$lUSA01$h1729 979 $aPATRY$b90$c20040406$lUSA01$h1657 979 $aCOPAT4$b90$c20050309$lUSA01$h1107 979 $aDBC$b90$c20100315$lUSA01$h1040 979 $aDBC$b90$c20100315$lUSA01$h1045 979 $aDBC$b90$c20100531$lUSA01$h1238 996 $aLombardia tra Europa e Mediterraneo$993861 997 $aUNISA LEADER 04262 am 2200721 n 450 001 9910338226603321 005 20181219 010 $a979-1-03-651668-9 024 7 $a10.4000/books.pulg.5355 035 $a(CKB)4100000009163545 035 $a(FrMaCLE)OB-pulg-5355 035 $a(oapen)https://directory.doabooks.org/handle/20.500.12854/46517 035 $a(PPN)238687899 035 $a(EXLCZ)994100000009163545 100 $a20190903j|||||||| ||| 0 101 0 $afre 135 $auu||||||m|||| 181 $ctxt$2rdacontent 182 $cc$2rdamedia 183 $acr$2rdacarrier 200 10$aEntre presse et littérature $eLe Mousquetaire, journal de M. Alexandre Dumas (1853-1857) /$fSarah Mombert, Pascal Durand 210 $aLiège $cPresses universitaires de Liège$d2018 215 $a1 online resource (252-[15] p.) 311 $a2-87019-297-5 330 $aSuperlatifs et clichés viennent spontanément sous la plume au sujet d?Alexandre Dumas. En perfusion réciproque avec l?histoire de la France, l??uvre a rabattu la grande ligne du temps sur une surface de publication élargie aux proportions d?un continent dont la carte n?est pas encore complètement établie. Car il y reste au moins une terra incognita, propre à relancer la machine des superlatifs : la dévorante activité de journaliste et de directeur de journaux à laquelle s?est adonné l?écrivain. Qui sait aujourd?hui qu?il rédigea seul, entre 1848 et 1850, un mensuel où ses ferveurs politiques se mêlaient d?inquiétude face à la montée du césarisme ? Qu?il publia de 1853 à 1857 un quotidien, Le Mousquetaire, dans lequel il s?employa, en tisonnant les cendres du romantisme, à roder un journalisme de combat littéraire en temps de censure ? Qu?il fit paraître sous sa seule signature, de 1857 à 1862, Le Monte-Cristo, trouvant encore l?énergie, dans l?intervalle, de jeter sur le marbre, à Naples, un journal politique en italien, L'Indipendente, où le futur fondateur du Corriere délia sera fit ses premières armes ? Et qu?il devait encore lancer, au soir de sa carrière, un second Mousquetaire et un Dartagnan ? Parfaite illustration du journalisme tel que Dumas le concevait, Le Mousquetaire premier du nom témoigne de la solution de compromis offerte par la petite presse littéraire aux écrivains journalistes sous les années les plus autoritaires du Second Empire. Avec d?autres périodiques du même genre, mais non du même panache, ce journal d?écrivain est également très représentatif d?une période médiane dans l?évolution des deux champs entrecroisés dont il relève, situé qu?il est à mi-parcours sur la voie allant du lancement de La Presse par Émile de Girardin en 1836 à l?apparition du Petit Journal en 1863 et, d?autre part, entre le reflux du romantisme et le flux des esthétiques de la modernité. Sous ces différents aspects et pour mieux éclairer un moment assez obscur de? 606 $aLiterature 606 $aliberté 606 $aartiste 606 $amousquetaire 606 $apresse 606 $ahistoire de la presse 606 $avie intellectuelle 610 $aliberté 610 $apresse 610 $aartiste 610 $ahistoire de la presse 610 $amousquetaire 610 $avie intellectuelle 615 4$aLiterature 615 4$aliberté 615 4$aartiste 615 4$amousquetaire 615 4$apresse 615 4$ahistoire de la presse 615 4$avie intellectuelle 700 $aAnselmini$b Julie$01285175 701 $aBara$b Olivier$01292053 701 $aCurreri$b Luciano$0731610 701 $aDord-Crouslé$b Stéphanie$01283734 701 $aDumasy$b Lise$01229900 701 $aDurand$b Pascal$0322446 701 $aGleizes$b Delphine$01292708 701 $aIsaac$b Olivier$01292709 701 $aMombert$b Sarah$0176725 701 $aSaminadayar-Perrin$b Corinne$0303398 701 $aSchopp$b Claude$0223486 701 $aMombert$b Sarah$0176725 701 $aDurand$b Pascal$0322446 801 0$bFR-FrMaCLE 906 $aBOOK 912 $a9910338226603321 996 $aEntre presse et littérature$93022446 997 $aUNINA